Délmagyarország. - 1918. január 26., Szombat

Elmentve itt :
Bibliográfiai részletek
Dokumentumtípus: Újság
Megjelent: 1918-01-26
Sorozat:Délmagyarország 7 No. 21
Online Access:http://dmarchiv.bibl.u-szeged.hu/2707
LEADER 00485nas a2200145 i 4500
001 delm2707
005 20200414150103.0
008 171213s1918 hu n o 0|| hun d
022 |a 0133-025X 
040 |a SZTE Délmagyarország Archívum  |b hun 
041 |a hun 
245 0 0 |a Délmagyarország. - 1918. január 26., Szombat  |h [elektronikus dokumentum] 
260 |c 1918-01-26 
490 0 |a Délmagyarország  |v 7 No. 21 
856 4 0 |u http://dmarchiv.bibl.u-szeged.hu/2707/1/dm_1918_021.pdf  |z Dokumentum-elérés